Projekty v leteckej doprave v SR a ich financovanie diplomová práca

Enregistré dans:
Détails bibliographiques
Auteur principal: Buňa, Lukáš
Collectivité auteur: Národohospodárska fakulta EU. Katedra financií
Autres auteurs: Beňová, Elena
Format: Livre
Langue:slovaque
Publié: Bratislava 2009
Tags: Ajouter un tag
Pas de tags, Soyez le premier à ajouter un tag!

MARC

LEADER 00000nam$a2200000$$$4500
001 0096552
005 20240318141503.0
041 0 |a slo 
044 |a SK 
245 1 0 |a Projekty v leteckej doprave v SR a ich financovanie  |b diplomová práca  |c Lukáš Buňa ; škol. Elena Beňová 
264 1 |a Bratislava  |c 2009 
300 |a 69 s. 
100 1 |a Buňa, Lukáš 
700 1 |a Beňová, Elena 
710 2 |a Národohospodárska fakulta EU. Katedra financií